| 000 | 01081nam a22002657a 4500 | ||
|---|---|---|---|
| 005 | 20170124103109.0 | ||
| 010 | _aB-137946 | ||
| 020 |
_c200.00 _a8181430886 |
||
| 035 | _aB-137946 | ||
| 037 | _bCen Lib/Ret | ||
| 040 |
_aDPL _bHN |
||
| 082 |
_a951 _bजीनीसी |
||
| 100 |
_aजीनी, सी.ई. _979068 |
||
| 245 |
_aचीन का इतिहास / _cसी.ई. जीनी |
||
| 246 |
_aCheen ka itihas / _bby C.E. Jini |
||
| 260 |
_aनयी दिल्ली _bवाणी प्रकाशन _c2005 |
||
| 270 |
_bनयी दिल्ली _a21-ए, दरियागंज _e110002 |
||
| 300 |
_a162पृ. _c21सेमी (सजिल्द) |
||
| 500 | _aपरिशिष्ट शामिल | ||
| 650 |
_aचीन का इतिहास--प्राचीन सभ्यता _979069 |
||
| 650 |
_aपुरातन संस्कृति _979070 |
||
| 650 |
_aChina's history--Ancient civilization _979071 |
||
| 650 |
_aAncient culture _979072 |
||
| 942 |
_2ddc _cHN _h951 _mजीनीसी |
||
| 999 |
_c118250 _d118250 |
||